Contemporary issues in business economics and finance / (Record no. 1701)

MARC details
000 -LEADER
fixed length control field 01618cam a2200433 i 4500
001 - CONTROL NUMBER
control field data
005 - DATE AND TIME OF LATEST TRANSACTION
control field 20260322212113.0
008 - FIXED-LENGTH DATA ELEMENTS--GENERAL INFORMATION
fixed length control field data
035 ## - SYSTEM CONTROL NUMBER
System control number 22046768
010 ## - LIBRARY OF CONGRESS CONTROL NUMBER
LC control number 2019462580
016 7# - NATIONAL BIBLIOGRAPHIC AGENCY CONTROL NUMBER
Record control number BC02859199
Source JP-ToKJK
020 ## - INTERNATIONAL STANDARD BOOK NUMBER
International Standard Book Number 9781839096051
Qualifying information hardcover
020 ## - INTERNATIONAL STANDARD BOOK NUMBER
International Standard Book Number 1839096055
Qualifying information hardcover
035 ## - SYSTEM CONTROL NUMBER
System control number (OCoLC)1202220098
040 ## - CATALOGING SOURCE
Original cataloging agency KEI
Language of cataloging eng
Transcribing agency KEI
Description conventions rda
Modifying agency DLC
-- YDX
-- YDXIT
-- OCLCO
-- OCLCF
-- YDXIT
-- DLC
042 ## - AUTHENTICATION CODE
Authentication code lccopycat
050 00 - LIBRARY OF CONGRESS CALL NUMBER
Classification number HD30.22
Item number .C67 2020
082 04 - DEWEY DECIMAL CLASSIFICATION NUMBER
Classification number 338.5/024658
Edition information 23
245 00 - TITLE STATEMENT
Title Contemporary issues in business economics and finance /
Statement of responsibility, etc. edited by Simon Grima, Ercan Özen, Hakan Boz.
250 ## - EDITION STATEMENT
Edition statement First edition.
264 #1 - PRODUCTION, PUBLICATION, DISTRIBUTION, MANUFACTURE, AND COPYRIGHT NOTICE
Place of production, publication, distribution, manufacture Bingley, UK :
Name of producer, publisher, distributor, manufacturer Emerald Publishing,
Date of production, publication, distribution, manufacture, or copyright notice 2020.
300 ## - PHYSICAL DESCRIPTION
Extent xxviii, 262 pages :
Other physical details illustrations ;
Dimensions 24 cm.
336 ## - CONTENT TYPE
Content type term text
Content type code txt
Source rdacontent
337 ## - MEDIA TYPE
Media type term unmediated
Media type code n
Source rdamedia
338 ## - CARRIER TYPE
Carrier type term volume
Carrier type code nc
Source rdacarrier
490 1# - SERIES STATEMENT
Series statement Contemporary studies in economic and financial analysis,
Volume/sequential designation volume 104
-- volume 104
504 ## - BIBLIOGRAPHY, ETC. NOTE
Bibliography, etc. note Includes bibliographical references and index.
650 #0 - SUBJECT ADDED ENTRY--TOPICAL TERM
Topical term or geographic name entry element Managerial economics.
650 #0 - SUBJECT ADDED ENTRY--TOPICAL TERM
Topical term or geographic name entry element Economics.
650 #7 - SUBJECT ADDED ENTRY--TOPICAL TERM
Topical term or geographic name entry element Economics.
Source of heading or term fast
Authority record control number or standard number (OCoLC)fst00902116
650 #7 - SUBJECT ADDED ENTRY--TOPICAL TERM
Topical term or geographic name entry element Managerial economics.
Source of heading or term fast
Authority record control number or standard number (OCoLC)fst01007340
700 1# - ADDED ENTRY--PERSONAL NAME
Personal name Grima, Simon,
Relator term editor.
700 1# - ADDED ENTRY--PERSONAL NAME
Personal name Özen, Ercan,
Relator term editor.
700 1# - ADDED ENTRY--PERSONAL NAME
Personal name Boz, Hakan,
Relator term editor.
830 #0 - SERIES ADDED ENTRY--UNIFORM TITLE
Uniform title Contemporary studies in economic and financial analysis ;
Volume/sequential designation v. 104.
906 ## - LOCAL DATA ELEMENT F, LDF (RLIN)
a 7
b cbc
c copycat
d 2
e ncip
f 20
g y-gencatlg
925 0# -
-- acquire
-- 1 shelf copies
-- policy default
Holdings
Withdrawn status Lost status Damaged status Not for loan Home library Current library Shelving location Date acquired Total checkouts Full call number Barcode Date last seen Price effective from Koha item type
        Springfield Springfield General stacks 22/03/2026   338.5/024658 LOC-SPL-00044 22/03/2026 22/03/2026 Books